[Event "Poznan op 15th"]
[Site "Poznan"]
[Date "2006.07.30"]
[Round "9"]
[White "Kukula, Pawel"]
[Black "Zapolski, Krzysztof"]
[Result "0-1"]
[WhiteElo "2164"]
[BlackElo "2216"]
[PlyCount "68"]
[EventDate "2006.07.22"]
[EventType "swiss"]
[EventRounds "9"]
[EventCountry "POL"]
[SourceTitle "EXT 2008"]
[Source "ChessBase"]
[SourceDate "2007.11.25"]
[SourceVersion "1"]
[SourceVersionDate "2007.11.25"]
[SourceQuality "1"]

1. d4 d6 2. Nf3 g6 3. e4 Bg7 4. c3 Nf6 5. Bd3 0-0 6. Nbd2 Nbd7 7. 0-0 e5 8. Re1 c6 9. Qc2 Qc7 10. b3 b5 11. a4 Rb8 12. Ba3 Rd8 13. dxe5 dxe5 14. axb5 cxb5 15. Bb4 Re8 16. Ba5 Qc6 17. c4 b4 18. Nf1 Nc5 19. N3d2 Qd6 20. Be2 Qd4 21. Ng3 Ng4 22. Bxg4 Bxg4 23. h3 Nd3 24. Rf1 Nxf2 25. Kh2 Bh6 26. Ra2 Bf4 27. hxg4 Qe3 28. Nf3 Nxe4 29. Qc1 Nxg3 30. Kh3 Nxf1 31. Qxf1 e4 32. g3 exf3 33. gxf4 Qxf4 34. Rf2 h5 0-1

[Event "POL-chT U19 37th"]
[Site "Szklarska Poreba"]
[Date "2006.07.06"]
[Round "6.32"]
[White "Leniart, Arkadiusz"]
[Black "Zapolski, Krzysztof"]
[Result "1-0"]
[WhiteElo "2348"]
[BlackElo "2216"]
[PlyCount "93"]
[EventDate "2006.07.02"]
[EventType "team-tourn"]
[EventRounds "11"]
[EventCountry "POL"]
[SourceTitle "EXT 2019"]
[Source "ChessBase"]
[SourceDate "2018.10.10"]
[SourceVersion "1"]
[SourceVersionDate "2018.10.10"]
[SourceQuality "1"]
[WhiteTeam "Warszawa Polonia U19"]
[BlackTeam "Plock PTSz U19"]
[WhiteTeamCountry "POL"]
[BlackTeamCountry "POL"]

1. d4 Nf6 2. c4 g6 3. Nc3 Bg7 4. Nf3 0-0 5. Bg5 d6 6. e3 Nbd7 7. Be2 h6 8. Bh4 c6 9. 0-0 g5 10. Bg3 Nh5 11. Qc2 Nxg3 12. hxg3 f5 13. Bd3 e6 14. d5 Ne5 15. Nxe5 Bxe5 16. dxe6 Bxe6 17. Ne2 Qb6 18. Rab1 a5 19. a3 Qc5 20. Rfe1 b5 21. Nd4 Bxc4 22. Nxf5 Rf6 23. g4 Re8 24. Rec1 Ba2 25. Ra1 Qxc2 26. Rxc2 Be6 27. Rxc6 Bxb2 28. Rb1 Bxa3 29. Bxb5 Bxf5 30. gxf5 Rxf5 31. Rc7 Rd8 32. Bc4+ d5 33. e4 Bd6 34. Rc6 Rf6 35. Bxd5+ Kg7 36. Rb7+ Kg6 37. g4 Be5 38. Be6 Rd1+ 39. Kg2 Bd6 40. Bf5+ Rxf5 41. exf5+ Kf6 42. Rd7 Ke5 43. f6 Rd4 44. f3 Ke6 45. Rdxd6+ Rxd6 46. f7 Rxc6 47. f8Q 1-0